Vũ trụ trong vỏ hạt dẻ = The universe in a nutshell
Lược sử thuyết tương đối, hình dạng của thời gian, vũ trụ trong vỏ hạt dẻ, ...
Na minha lista:
| Autor principal: | |
|---|---|
| Formato: | Livro |
| Idioma: | Undetermined |
| Publicado em: |
Thành phố Hồ Chí Minh
Trẻ
2017
|
| Assuntos: | |
| Tags: |
Adicionar Tag
Sem tags, seja o primeiro a adicionar uma tag!
|
| Thư viện lưu trữ: | Trung tâm Học liệu Trường Đại học Cần Thơ |
|---|
| LEADER | 00861nam a2200217Ia 4500 | ||
|---|---|---|---|
| 001 | CTU_221010 | ||
| 008 | 210402s9999 xx 000 0 und d | ||
| 020 | |c 75000 | ||
| 082 | |a 530.12 | ||
| 082 | |b H392 | ||
| 100 | |a Hawking, Stephen | ||
| 245 | 0 | |a Vũ trụ trong vỏ hạt dẻ = | |
| 245 | 4 | |b The universe in a nutshell | |
| 245 | 0 | |c Stephen Hawking ; Nguyễn Tiến Dũng, Vũ Hồng Nam (dịch) ; Đặng Vũ Thiên, Chu Hảo (Hiệu đính) | |
| 260 | |a Thành phố Hồ Chí Minh | ||
| 260 | |b Trẻ | ||
| 260 | |c 2017 | ||
| 520 | |a Lược sử thuyết tương đối, hình dạng của thời gian, vũ trụ trong vỏ hạt dẻ, ... | ||
| 650 | |a Lý thuyết lượng tử,Quantum theory | ||
| 904 | |i Nguyễn An Khang,Hải | ||
| 980 | |a Trung tâm Học liệu Trường Đại học Cần Thơ | ||